Skoliose - spezialgymnastik

Podrobná bibliografia
Hlavní autori: Koch, I. (Autor), Fabinke, I. (Autor)
Médium: Článok
Jazyk:slovenčina
nemčina
Predmet:

MARC

LEADER 00000nab a2200000 a 4500
001 vtls000068082
003 SK-MaSNL
005 20260304133450.0
008 250422c1980 xo 0 slo
015 |a SNBRB19rr/mm-uuuuu 
035 |a CL0078182 
035 |a urn:nbn:sk:snk-ab7f5o 
035 |a (urnnbn)urn:nbn:sk:snk:ar-005cz2 
035 |a (uuid)7f6cfe67-6f22-4921-8379-c09d871d382f 
040 |a SNKBUCL  |b slo  |c SNKBUCL  |e AACR2 
041 0 |a ger 
044 |a xo  |c SK 
080 |a 616.7  |2 1981 
080 |a 617.3  |2 1981 
080 |a 615.8  |2 1981 
100 1 |a Koch, I.  |4 aut  |9 1450489 
245 1 0 |a Skoliose - spezialgymnastik  |c I. Koch, I. Fabinke 
650 0 7 |a skolióza  |2 snkbucl  |9 18388 
650 0 7 |a pohybová terapia  |2 snkbucl  |9 2567 
655 7 |a články z novín a časopisov  |2 snkbucl  |9 267496 
700 1 |a Fabinke, I.  |4 aut  |9 1450490 
773 0 |t Rehabilitácia  |g Roč. 13, č. supl. 20 (1980), s. 83-85 
850 |a Slovenská národná knižnica 
852 |a Slovenská národná knižnica 
954 |a odborná, vedecká literatúra cudzojazyčná (svetová)  |2 lita 
958 |a article7 
958 |a RK 
958 |a MI 
958 |a OND 
958 |a EUIPO 
992 |a RBX 
999 |c 2901739  |d 2903669